[Event "10th LCC FIDE Open 2018"]
[Site "London"]
[Date "2018.12.13"]
[Round "5"]
[White "Bates, Richard A"]
[Black "Czopor, Maciej"]
[Result "1-0"]
[WhiteElo "2372"]
[BlackElo "2164"]
[Annotator "TA"]
[PlyCount "125"]
[EventDate "2018.12.09"]
[EventType "swiss"]
[EventCountry "ENG"]
[SourceTitle "playchess.com"]
[Source "ChessBase"]
[SourceQuality "1"]

{[%evp 17,125,-37,2,0,0,0,0,0,0,-17,-21,-19,-20,-40,15,18,29,33,38,18,41,37,52,52,47,22,45,37,38,29,65,50,86,78,110,107,107,88,89,81,88,88,81,88,96,104,97,89,92,90,88,0,98,0,86,76,73,63,124,117,117,120,122,127,303,303,303,303,308,306,306,281,287,288,333,331,336,324,320,306,334,334,334,334,324,318,302,297,294,288,364,281,417,401,29974,29976,29976,29977,29977,29977,29977,29976,29980,29981,29981,29982,29982,29983,29983,29984]} 1. d4 Nf6 2. Nf3 e6 3. c4 d5 4. g3 dxc4 5. Bg2 Nc6 6. O-O Rb8 7. e3 Be7 {E04: Open Catalan: 5 Nf3} 8. Qe2 b5 9. b3 O-O {LiveBook: 3 Games. Black is slightly better.} (9... cxb3 10. axb3 O-O 11. Bd2 Bb7 12. Rc1 a6 13. Ne1 Nd5 14. Nd3 Qd7 15. Nc3 {1-0 (24) So,W (2780)-Wei,Y (2729) chess.com INT 2018}) 10. a4 $146 ({Predecessor:} 10. Rd1 Nb4 11. Ne5 Nd7 12. bxc4 bxc4 13. Nxc4 Ba6 14. a3 Nd5 15. Qc2 {0-1 (35) Wang,K (2371)-Tang,A (2496) Charlotte 2017}) 10... cxb3 11. axb5 Nb4 {And now ...Bd7 would win.} 12. Ne5 Bb7 13. Nc6 Bxc6 14. bxc6 Nfd5 15. Qc4 Qe8 (15... Na2 $15 16. Bb2 a5) 16. Qxb3 $11 Nxc6 17. Qc4 Rb4 18. Qc2 Qd7 19. Ba3 {Threatens to win with Bxd5.} Rb6 20. Bxe7 Qxe7 21. Nc3 Ndb4 22. Qe2 Rfb8 23. Rfc1 Qd6 24. Qc4 {Na4 is the strong threat.} Ne7 25. Rxa7 c6 26. Ne4 Qd8 27. h4 Nc8 28. Raa1 Nd6 29. Nxd6 Qxd6 30. Ra5 g6 31. Rc5 Rc8 32. Kh2 Na6 33. Ra5 (33. Rxc6 $2 Rbxc6 34. Bxc6 Nb4 $19) 33... Nb4 34. Rc5 Na6 $1 35. Ra5 ({Avoid the trap} 35. Rxc6 $2 Rbxc6 36. Bxc6 Nb4 $19) 35... Nb4 36. Rb1 Rcb8 37. Rc5 Nd5 {[#]} ({Better is} 37... Kg7 $14) 38. Rxc6 $1 $16 {[%mdl 512]} Rxc6 39. Rxb8+ Qxb8 40. Qxc6 Qb2 $2 (40... Nb4 $16 41. Qc4 h5) 41. Bxd5 $18 exd5 {[%mdl 4096] Endgame KQ-KQ} 42. Kg2 ({Not} 42. Qxd5 Qxf2+ 43. Kh3 Qxe3 $11) 42... Qb3 43. Qe8+ Kg7 44. Qe5+ Kg8 45. h5 gxh5 46. Qg5+ ({Weaker is} 46. Qxh5 Qb7 $18) 46... Kf8 47. Qxh5 Kg7 48. Qg5+ Kf8 49. Qf6 Kg8 50. Kf3 Qb1 51. Kf4 Qe4+ 52. Kg5 Qh1 53. Qf4 Qb1 54. Qf5 Qa2 (54... Qb7 $142 55. Kf6 Qa6+ 56. Ke5 Qa2) 55. Qf6 {[#] White wants to mate with Kh6.} Qb1 (55... Qa8 $18 56. Kh5 h6 57. Kxh6 Qf8+ 58. Kg5 Qb8) 56. Kh6 {[%csl Gh6][%cal Rf6g7] White mates.} Qg6+ 57. Qxg6+ hxg6 {KP-KP} 58. f3 {[%cal Bf2f3,Bf3e4][%mdl 32]} Kf8 59. e4 dxe4 60. fxe4 Ke7 61. Kg5 Ke6 62. g4 Ke7 63. d5 {Precision: White = 71%, Black = 47%.} 1-0

[Event "10th LCC FIDE Open 2018"]
[Site "London"]
[Date "2018.12.13"]
[Round "5"]
[White "Wadsworth, Matthew J"]
[Black "McClement, Andrew"]
[Result "1-0"]
[WhiteElo "2364"]
[BlackElo "2182"]
[Annotator "TA"]
[PlyCount "149"]
[EventDate "2018.12.09"]
[EventType "swiss"]
[EventCountry "ENG"]
[SourceTitle "playchess.com"]
[Source "ChessBase"]
[SourceQuality "1"]

{[%evp 26,148,25,13,35,18,37,43,39,28,39,31,55,39,95,10,72,41,128,37,39,24,39,52,96,74,133,129,128,128,152,129,163,102,125,128,126,133,163,160,163,163,163,163,163,163,163,163,163,163,163,163,163,163,163,102,163,163,163,163,163,163,163,163,163,163,163,94,163,163,163,69,138,135,123,126,163,163,163,87,79,79,84,13,56,0,0,0,0,0,81,143,852,867,29991,29992,29992,29965,2483,2631,2379,2809,29987,29988,29991,29992,29992,29990,29990,29990,29990,29989,29994,29995,29996,29997,29997,29998,29998,29997,29997,29998,29998,29999,29999]} 1. Nf3 Nf6 2. g3 e6 3. Bg2 b6 4. O-O Bb7 5. c4 Be7 6. b3 O-O 7. Bb2 d5 8. e3 c5 9. Nc3 dxc4 10. bxc4 Nc6 11. Qe2 Rc8 12. Rfd1 Qc7 13. Rab1 {A14: English Opening: 1...e6 with b3 by White} (13. Ne1 Rfd8 14. f4 Qb8 15. d3 Nb4 16. Nf3 Qa8 17. Ne1 Bxg2 18. Nxg2 Rd7 19. a3 Nc6 20. g4 Rcd8 {1-0 (102) Mamedov,R (2709)-Esipenko,A (2571) Moscow 2018}) 13... Rfd8 14. d3 {LiveBook: 24 Games} Nd7 15. Ne4 $146 {White is slightly better.} ({Predecessor:} 15. Ba1 Qb8 16. h4 Nf6 17. Nb5 Rd7 18. Nh2 Rcd8 {½-½ (66) Salokangas,H-Idema,A Canada 1991}) 15... Nde5 16. Nxe5 Nxe5 17. f4 Nd7 18. g4 f6 19. h4 {[%cal Bh2h4,Bh4h5][%mdl 32]} Bc6 (19... f5 $14) 20. Ba1 (20. g5 $16) 20... Bf8 (20... f5 $11 21. Ng5 (21. Qb2 Nf6 $11) (21. gxf5 exf5 22. Ng5 Nf8 $14) 21... Bxg5 22. hxg5 Nf8) 21. h5 e5 (21... h6 $14) 22. f5 (22. Rf1 $16) 22... h6 $14 23. Qf2 a6 24. Nc3 Rb8 25. a4 Rdc8 (25... Rb7 $142) 26. Bxc6 $16 Qxc6 27. Qg2 Rb7 28. Rb3 Be7 29. Nd5 (29. Qxc6 $18 Rxc6 30. Rdb1) 29... Bf8 30. Rdb1 Rbb8 31. Nc3 a5 32. Rb5 Qxg2+ 33. Kxg2 Be7 34. Nd5 Bd8 35. Bc3 Ra8 36. Kf3 Rc6 37. Ke4 Kf7 38. Be1 Rac8 39. R5b2 Ra8 40. Nc3 (40. Kf3 $18) 40... Ke7 (40... Nb8 $16) 41. Bd2 Ra6 42. Rb3 Ra8 43. Bc1 Kf7 44. Nd5 Rac8 45. Ba3 Ra8 46. Nc3 (46. Kf3 $18) 46... Rcc8 (46... Nb8 $16 {was necessary.}) 47. Kd5 Be7 48. Nb5 (48. R3b2 $18) 48... Nf8 (48... Nb8 $1 $14) 49. Ke4 Nh7 {Black wants to play ...Ng5+.} 50. Kf3 Nf8 51. Nc3 Bd8 52. Rxb6 (52. Nd5 $18) 52... Bxb6 53. Rxb6 Rab8 {[#]} 54. Ra6 ({Better is} 54. Rb5 $1 $16) 54... Rb3 55. Ra7+ (55. Ne4 $1 $14) 55... Kg8 $11 56. Nd5 {aiming for Ne7+.} Rcb8 57. Bxc5 {Strongly threatening Bd6.} Rxd3 (57... Nh7 $1 $11 {keeps the balance.}) 58. g5 ({White should try} 58. Bd6 Rd8 59. Be7) 58... hxg5 $2 {[%mdl 8192] [#]} (58... Nh7 $16) 59. h6 $18 Nh7 60. Ne7+ Kf7 61. Nc6+ Kg8 62. Rxg7+ Kh8 63. Nxb8 Rc3 64. Nc6 {White mates.} Rxc4 65. Ne7 {[%csl Ge7][%cal Rg7g8]} Nf8 66. Nd5 Nh7 67. Rc7 g4+ 68. Ke2 Nf8 69. Nxf6 g3 70. Rc8 {[%cal Rc8f8]} Rc2+ 71. Kd3 {[%cal Rc8f8]} e4+ 72. Kd4 {[%cal Rc8f8]} Rd2+ 73. Ke5 {[%cal Rc8f8]} Rd5+ 74. Kxd5 {[%cal Rc8f8]} g2 75. Rxf8# {Precision: White = 47%, Black = 36%.} 1-0

[Event "10th LCC FIDE Open 2018"]
[Site "London"]
[Date "2018.12.13"]
[Round "5"]
[White "Lane, Gary W"]
[Black "Cornette, Matthieu"]
[Result "0-1"]
[WhiteElo "2353"]
[BlackElo "2597"]
[Annotator "TA"]
[PlyCount "64"]
[EventDate "2018.12.09"]
[EventType "swiss"]
[EventCountry "ENG"]
[SourceTitle "playchess.com"]
[Source "ChessBase"]
[SourceQuality "1"]

{[%evp 17,64,52,66,39,62,24,27,26,14,29,31,28,90,97,97,98,108,110,97,110,92,98,105,94,86,97,88,93,103,47,62,25,74,43,55,0,0,-96,-108,-120,-96,-253,-238,-243,-255,-233,-245,-386,-370]} 1. e4 c5 2. Nf3 Nc6 3. d4 cxd4 4. Nxd4 Nf6 5. Nc3 e5 6. Ndb5 {[%cal Bd4b5,Bb5a3,Ba3c4,Bc4e3,Be3d5][%mdl 32]} d6 7. Bg5 a6 8. Na3 Be6 9. Nc4 {B33: Sicilian: Pelikan and Sveshnikov Variations} Rb8 {LiveBook: 45 Games} 10. g3 h5 $146 ({Predecessor:} 10... Nd4 11. Ne3 Be7 12. Bxf6 Bxf6 13. Ncd5 Bg5 14. c3 Nc6 15. Bg2 O-O 16. O-O Kh8 {½-½ (46) Grischuk,A (2747)-Gelfand,B (2734) Almaty 2016}) 11. h4 {White is slightly better.} Nd4 $1 12. Ne3 Qb6 13. Rb1 Ng4 $1 14. Ned5 Qc5 (14... Qc6 $11 {remains equal.}) 15. b4 $16 Qc8 16. Bd3 Nh2 17. Rxh2 Bg4 18. Be2 Bxe2 19. Nxe2 Nf3+ {[%mdl 64] [#] Double Attack} 20. Kf1 {Threatens to win with Rh1.} Nxh2+ 21. Kg2 Ng4 22. Rb3 {[%mdl 1024] White has strong compensation.} f6 23. Rc3 (23. Bd2 $16) 23... Qd8 $1 $14 24. Nc7+ Ke7 {[%cal Be8e7,Be7d8,Bd8c7][%mdl 32]} 25. Qd5 {[%csl Gc7][%cal Rd5e6] [#]} Qd7 26. Bc1 (26. Bd2 $14) 26... Rc8 $1 $11 {[%cal Rc8c7]} 27. Qxb7 (27. Qa5 $11 Kf7 28. f3) 27... Kd8 $36 {[%cal Rc8c7][%mdl 2048] Black has strong initiative.} 28. f3 Rxc7 29. Rxc7 $2 (29. Qxa6 $17 Nh6 30. Qa5) 29... Qxc7 $19 30. Qxc7+ Kxc7 31. fxg4 d5 ({But not} 31... hxg4 32. Nc3) 32. exd5 (32. Nc3 $142 dxe4 33. gxh5) 32... Bxb4 {Accuracy: White = 45%, Black = 77%.} 0-1

[Event "10th LCC FIDE Open 2018"]
[Site "London"]
[Date "2018.12.13"]
[Round "5"]
[White "Sowray, Peter J"]
[Black "Gant, Chris J"]
[Result "1-0"]
[WhiteElo "2342"]
[BlackElo "2135"]
[Annotator "NA"]
[PlyCount "55"]
[EventDate "2018.12.09"]
[EventType "swiss"]
[EventCountry "ENG"]
[SourceTitle "playchess.com"]
[Source "ChessBase"]
[SourceQuality "1"]
[TimeControl "40/5400+30:1800+30"]

1. d4 {[%emt 0:00:00]} Nf6 {[%emt 0:07:45]} 2. c4 {[%emt 0:00:00]} c5 {[%emt 0:00:20]} 3. d5 {[%emt 0:00:00]} b5 {[%emt 0:00:07]} 4. cxb5 {[%emt 0:00:00]} a6 {[%emt 0:00:10]} 5. f3 {[%emt 0:00:00]} d6 {[%emt 0:01:38]} 6. e4 {[%emt 0:01:48]} g6 {[%emt 0:00:28]} 7. Nc3 {[%emt 0:01:52]} Bg7 {[%emt 0:00:16]} 8. a4 {[%emt 0:00:06]} O-O {[%emt 0:00:25]} 9. Be3 {[%emt 0:00:04]} Nbd7 {[%emt 0:08:20]} 10. Nh3 {[%emt 0:06:40]} Qa5 {[%emt 0:06:34]} 11. Ra3 {[%emt 0:03:52]} Bb7 {[%emt 0:04:35]} 12. Nf2 {[%emt 0:07:51]} Rfe8 {[%emt 0:01:35]} 13. Qd2 {[%emt 0:14:04]} e6 {[%emt 0:05:08]} 14. dxe6 {[%emt 0:01:47]} Rxe6 {[%emt 0:03:20]} 15. Bc4 {[%emt 0:03:50]} d5 {[%emt 0:00:34]} 16. Nxd5 {[%emt 0:03:15]} Qxd2+ {[%emt 0:00:14]} 17. Kxd2 {[%emt 0:00:35]} Nxd5 {[%emt 0:13:32]} 18. exd5 {[%emt 0:02:07]} Rxe3 {[%emt 0:00:19]} 19. Rxe3 {[%emt 0:05:45]} Bh6 {[%emt 0:00:24]} 20. Ng4 {[%emt 0:00:15]} Bxe3+ {[%emt 0:00:51]} 21. Nxe3 {[%emt 0:00:13]} Nb6 {[%emt 0:03:32]} 22. b3 {[%emt 0:01:26]} axb5 {[%emt 0:00:21]} 23. Bxb5 {[%emt 0:02:36]} Rd8 {[%emt 0:02:18]} 24. Kc3 {[%emt 0:02:29]} Nxd5+ {[%emt 0:00:32]} 25. Nxd5 {[%emt 0:00:06]} Rxd5 {[%emt 0:00:09]} 26. Re1 {[%emt 0:02:27]} Kg7 {[%emt 0:02:53]} 27. Re7 {[%emt 0:02:04]} Bc8 {[%emt 0:01:31]} 28. Bc4 {[%emt 0:02:41]} 1-0

[Event "10th LCC FIDE Open 2018"]
[Site "London"]
[Date "2018.12.13"]
[Round "5"]
[White "Taylor, Adam C"]
[Black "Johnson, Daniel"]
[Result "1-0"]
[WhiteElo "2331"]
[BlackElo "2111"]
[Annotator "TA"]
[PlyCount "97"]
[EventDate "2018.12.09"]
[EventType "swiss"]
[EventCountry "ENG"]
[SourceTitle "playchess.com"]
[Source "ChessBase"]
[SourceQuality "1"]

{[%evp 12,97,34,29,19,27,23,19,23,-13,28,16,35,32,38,49,20,-2,0,-7,25,5,22,0,0,0,0,0,0,0,0,-10,0,0,0,0,0,0,0,-4,-4,-18,0,0,19,18,57,8,8,12,78,83,86,89,120,130,152,151,146,152,147,159,151,143,343,344,387,371,361,381,395,382,482,464,1258,1215,2426,1978,29971,29971,29968,29965,29979,29980,29981,29980,29983,29984]} 1. e4 c5 2. Nc3 e6 3. f4 a6 4. Nf3 d5 5. d3 dxe4 6. dxe4 {B23: Closed Sicilian: Lines without g3} Qxd1+ 7. Nxd1 {LiveBook: 3 Games} b6 (7... Nc6 8. c3 Nf6 9. Nf2 Be7 10. Bd3 O-O 11. Be3 b5 12. a4 {0-1 (31) Shabalov,A (2568)-Zherebukh,Y (2633) chess.com INT 2018}) 8. Nf2 $146 {The position is equal.} ({Predecessor:} 8. Bd3 Bb7 9. b3 Nc6 10. a3 Nf6 11. O-O Be7 12. Bb2 {1-0 (37) Roszkowski,R (2032)-Cylwik,Z (2071) Augustow 2004}) 8... Bb7 9. Bd3 Nf6 10. e5 Nfd7 11. Be3 Be7 12. Be4 Nc6 13. O-O-O O-O-O 14. h4 h6 15. c3 b5 16. h5 Nb6 17. Nd3 Nd5 18. Bxc5 Nxf4 $1 19. Bb6 Nxd3+ 20. Bxd3 Rd7 21. Be4 Rxd1+ 22. Rxd1 Bd8 23. Bxd8 Rxd8 24. Rf1 Rd7 25. Bxc6 Bxc6 $11 {[%mdl 4096] Endgame KRB-KRN} 26. Nd4 Kc7 27. Rf4 Bd5 28. Rg4 f5 29. exf6 (29. Rg6 {keeps more tension.} Re7 30. b3 Kd8 31. Kd2 Ke8 32. a4) 29... gxf6 30. Rg6 Rh7 (30... Kd6 $11 {keeps the balance.}) 31. Rxf6 $16 Kd7 {[#]} 32. Rg6 $1 Ke7 33. b3 Rf7 34. Rxh6 Rf1+ {[#]} 35. Kb2 $1 Rf2+ 36. Ka3 Rxg2 37. Rh7+ Kf6 $2 (37... Kd6 $16) 38. Ra7 $18 b4+ 39. Kxb4 Rxa2 40. h6 Rh2 41. Rxa6 Rxh6 42. c4 Ke5 (42... Rh4 $142 43. Kc5 (43. cxd5 Rxd4+ {[%mdl 64] Double Attack} 44. Kc3 Rxd5 $11) 43... Bg2 44. Rxe6+ Kf7) 43. cxd5 Kxd4 44. dxe6 {[%cal Bd5e6,Be6e7][%mdl 32] KR-KR} Rh8 45. e7 {White mates.} Kd5 46. Ka5 Kc5 47. b4+ {[%cal Bb3b4,Bb4b5][%mdl 32]} Kc4 48. b5 Rb8 49. Re6 {Accuracy: White = 73%, Black = 43%.} 1-0

[Event "10th LCC FIDE Open 2018"]
[Site "London"]
[Date "2018.12.13"]
[Round "5"]
[White "Derakhshani, Borna"]
[Black "Lindholm, Jere"]
[Result "1-0"]
[WhiteElo "2325"]
[BlackElo "2130"]
[Annotator "TA"]
[PlyCount "77"]
[EventDate "2018.12.09"]
[EventType "swiss"]
[EventCountry "ENG"]
[SourceTitle "playchess.com"]
[Source "ChessBase"]
[SourceQuality "1"]

{[%evp 19,77,0,11,-63,-67,-56,-74,-64,-43,-52,-59,-61,-4,-3,33,-80,-74,-37,-18,-10,-10,-10,-9,-14,-9,-16,5,12,50,33,94,93,150,143,144,164,186,172,180,164,173,125,191,177,173,186,192,177,368,369,356,332,349,333,445,416,394,408,389,385]} 1. Nf3 Nf6 2. c4 c6 3. Nc3 d5 4. e3 Nbd7 5. d4 e6 6. Qc2 Bd6 7. Be2 O-O 8. O-O Qe7 9. b3 b6 10. e4 {D45: Semi-Slav: 5 e3} (10. Bb2 Bb7 11. Rad1 Rad8 12. Rfe1 Rfe8 13. g3 c5 14. cxd5 Nxd5 15. Nxd5 Bxd5 16. e4 Bb7 17. d5 Bb8 18. Bc4 a6 19. dxe6 fxe6 20. a4 h6 {1-0 (31) Tkachiev,V (2629)-Bluebaum,M (2560) London 2014}) 10... dxe4 {LiveBook: 15 Games} 11. Ng5 ({White should play} 11. Nxe4 $11 Nxe4 12. Qxe4) 11... e5 $146 ({Predecessor:} 11... Bb7 12. Ngxe4 Nxe4 13. Nxe4 Bc7 14. Bf3 f5 15. Bg5 Qf7 16. Nc3 Rab8 17. Rad1 h6 18. Bc1 Nf6 {½-½ (18) Fuellborn,D (1818)-Luecke,T (1859) Germany 2013}) 12. d5 {Black is slightly better.} cxd5 13. cxd5 Bb7 14. Bc4 Rac8 15. Qe2 Bb4 (15... Nc5 $15) 16. Ngxe4 $11 b5 17. d6 (17. Nxb5 $14 {stays ahead.} Nxd5 18. Bg5) 17... Qd8 $17 ({Stronger than} 17... Bxd6 18. Nxd6 bxc4 19. Ba3 $16 (19. Nxb7 Nb6 $16) (19. Nxc8 Rxc8 20. Rb1 cxb3 $14)) 18. Nxf6+ Nxf6 19. Nxb5 a6 20. Na3 $1 {[%cal Bb5a3,Ba3c2,Bc2e3][%mdl 32]} Qxd6 21. Nc2 Qc6 {[%csl Gb7][%cal Rc6g2] [#]} 22. Ne3 Bc5 23. Bb2 Bd4 24. Rac1 $36 {[%mdl 2048] White fights for an advantage.} Qb6 ({Better is} 24... Qd7 $14) 25. Nf5 $16 {[#] aiming for Bxd4.} Kh8 ({Black should try} 25... Rcd8) 26. Nxd4 exd4 27. Rfd1 Rcd8 28. f3 Rd7 29. Qf2 Rfd8 30. Rd3 a5 (30... Bc6 $16 31. Rcd1 Bb5) 31. Rcd1 Ba6 32. Bxa6 Qxa6 33. Rxd4 a4 $2 (33... Nd5 34. Qe1 Qa7) 34. Rxd7 $18 Rxd7 35. Rxd7 Nxd7 36. Qd4 {[%csl Gb2][%cal Rd4g7]} Qb6 37. Qxb6 Nxb6 38. bxa4 Nxa4 39. Bd4 {Accuracy: White = 70%, Black = 27%.} 1-0

[Event "10th LCC FIDE Open 2018"]
[Site "London"]
[Date "2018.12.13"]
[Round "5"]
[White "Kueppers, Timo"]
[Black "Ghasi, Ameet K"]
[Result "0-1"]
[WhiteElo "2320"]
[BlackElo "2498"]
[Annotator "TA"]
[PlyCount "96"]
[EventDate "2018.12.09"]
[EventType "swiss"]
[EventCountry "ENG"]
[SourceTitle "playchess.com"]
[Source "ChessBase"]
[SourceQuality "1"]

{[%evp 24,96,47,56,48,50,63,64,68,65,62,59,69,68,74,71,69,48,107,76,100,99,106,98,127,119,130,135,129,109,135,75,129,114,112,116,137,130,116,119,113,77,92,89,94,-28,-37,-162,-130,-152,-102,-246,-230,-247,-227,-412,-411,-413,-339,-333,-331,-764,-761,-958,-952,-948,-988,-927,-943,-2225,-2219,-2171,-2064,-29988,-29989]} 1. c4 g6 2. g3 Bg7 3. Bg2 Nf6 4. Nc3 O-O 5. d4 d6 6. Nf3 Nc6 7. O-O a6 8. b3 Rb8 9. d5 Na5 {E63: King's Indian: Fianchetto: Panno Variation with 7...a6} 10. Bg5 (10. Bd2 c5 11. dxc6 Nxc6 12. Qc1 Bd7 13. Bh6 b5 14. Bxg7 Kxg7 15. cxb5 axb5 16. Qb2 Kg8 17. b4 Qb6 18. Rfd1 Rfc8 {½-½ (77) Inarkiev,E (2689)-Zhao,J (2604) Riadh 2017}) 10... h6 11. Bd2 c5 12. dxc6 Nxc6 13. Rc1 {LiveBook: 9 Games} Bf5 14. Nd5 Ne4 15. Be3 e6 $146 ({Predecessor:} 15... g5 16. Nd2 Nc5 17. f4 {1-0 (28) Hernandez,A (2243)-Zaas,D (2289) ICCF email 2015}) 16. Bb6 Qd7 17. Ne3 {aiming for g4.} Nc3 18. Qd2 Ne4 {[#]} 19. Qe1 $1 {Strongly threatening g4.} Nc5 20. Nxf5 gxf5 (20... exf5 $14 21. Rd1 Ne4) 21. Qd2 {Bxc5 is the strong threat.} Qe7 22. Rfd1 Ne4 23. Qe3 Rfe8 24. Nd4 Nxd4 25. Bxd4 ({Don't take} 25. Bxe4 Nxe2+ 26. Qxe2 fxe4 $14) 25... Nf6 26. Bb6 Rbc8 27. Rd3 (27. a4 $142) 27... Ng4 ({Black should try} 27... d5) 28. Qd2 Bf8 29. Rd4 Kh7 30. e4 fxe4 31. Bxe4+ f5 32. Bb1 {And now Rxg4 would win.} Ne5 33. Qe3 Rc6 34. c5 (34. Ba5 $16) 34... dxc5 $11 35. Ra4 (35. Rdd1 $15) 35... Ng6 ({Resist} 35... Rxb6 36. Qxe5 Rd8 37. Rac4 $17) 36. Ba5 b5 $36 {[%mdl 2048] Black is on the roll.} 37. Ra3 (37. Re4 $17) 37... c4 $19 {[%cal Bc5c4,Bc4c3][%mdl 32]} 38. b4 Bg7 39. Qe2 $2 (39. Re1 {is a better defense.}) 39... c3 40. Rb3 Qg5 41. Rd1 e5 {[%cal Be6e5,Be5e4][%mdl 32]} 42. a4 $2 (42. Bc2 e4 43. Rbb1) 42... Nf4 {[%cal Bg6f4,Bf4e2,Be2d4][%mdl 32]} 43. Qc2 e4 44. axb5 axb5 45. Rd7 Qg4 {( -> ...Qf3)} 46. Bc7 Ne2+ 47. Kf1 Nd4 {[%mdl 64] [#] Double Attack} 48. Be5 Qh3+ {[%mdl 64] Double Attack. Accuracy: White = 39%, Black = 68%.} 0-1

[Event "10th LCC FIDE Open 2018"]
[Site "London"]
[Date "2018.12.13"]
[Round "5"]
[White "Tomaszewski, Kacper"]
[Black "Pert, Nicholas"]
[Result "0-1"]
[WhiteElo "2259"]
[BlackElo "2546"]
[Annotator "TA"]
[PlyCount "110"]
[EventDate "2018.12.09"]
[EventType "swiss"]
[EventCountry "ENG"]
[SourceTitle "playchess.com"]
[Source "ChessBase"]
[SourceQuality "1"]

{[%evp 26,110,30,-2,65,-37,-38,-37,-40,-40,-40,-48,-28,-28,-28,-31,-19,-25,-20,-14,-15,-39,-20,-45,-12,-20,-15,-16,0,-15,0,-8,0,-31,0,0,0,0,0,-15,0,-7,6,-16,-18,-23,-27,-73,-80,-64,-80,-73,-80,-69,-72,-72,-74,-65,-71,-70,-66,-68,-13,-11,-11,-14,-17,-216,-127,-208,-206,-225,-197,-723,-746,-742,-700,-799,-787,-736,-686,-685,-416,-29962,-29963,-29962,-29962]} 1. d4 d5 2. c4 c6 3. Nc3 Nf6 4. cxd5 cxd5 5. Bf4 Nc6 6. e3 Bg4 7. Qb3 Na5 8. Qa4+ Bd7 9. Bb5 Nc6 10. Nf3 a6 {D10: Slav Defence: 3 cxd5 (without early Nf3) and 3 Nc3} 11. Bxc6 Bxc6 12. Qb3 e6 13. Ne5 Nd7 14. O-O {[#] LiveBook: 6 Games} Qb6 $146 (14... Nxe5 $11 15. Bxe5 f6) ({Predecessor:} 14... Nxe5 15. Bxe5 f6 16. Bg3 Qd7 17. Rfc1 Be7 18. Ne2 {½-½ (27) Sargissian,G (2679)-Bartel,M (2623) Baku 2015}) 15. Rfc1 (15. Nxc6 $14 bxc6 16. Rfc1) 15... Qxb3 $15 16. axb3 Nxe5 17. Bxe5 f6 18. Bg3 Bb4 19. Rc2 Ke7 20. Rac1 a5 (20... g5 {is more complex.} 21. h4 gxh4 22. Bxh4 Bd6 23. f3 Rag8) 21. Na4 Bd6 22. Bxd6+ Kxd6 23. Rc5 Ra6 24. f3 e5 25. Kf2 Re8 26. R1c2 Re7 27. h4 h5 28. g3 g5 29. hxg5 fxg5 30. dxe5+ Rxe5 {White must now prevent ...b5.} 31. R5c3 $1 Ra8 32. Nb6 Ra6 33. Na4 Ra8 34. Nb6 Rf8 {next ...Ref5 is good for Black.} 35. Rd2 {Strongly threatening Nc4+.} Ke6 36. Rc5 Ref5 37. f4 gxf4 38. gxf4 d4 39. Rxf5 dxe3+ 40. Kxe3 Kxf5 $17 {[%mdl 4096] Endgame KRB-KRN} 41. Nc4 Re8+ 42. Ne5 h4 43. Rd6 $1 Re6 (43... Bg2 $15) 44. Rd8 $1 $11 Rh6 45. Rf8+ Ke6 $1 {Hoping for ...h3.} 46. Ng4 $2 {[#]} (46. Nxc6 $11 {and White stays safe.} bxc6 47. Kf2) 46... Rh5 (46... h3 $1 $19 {[%cal Rh3h2] ...h2 is the strong threat.} 47. f5+ (47. Nxh6 $2 {perishes.} h2 $19) 47... Kd7) 47. b4 (47. Rf6+ $17 {might work better.} Ke7 48. Rg6) 47... axb4 $19 48. Rd8 h3 {And now ...h2 would win.} 49. Rd2 $2 (49. Nh2) 49... Kf5 50. Nh2 Rh8 51. Nf1 Rg8 52. Rc2 Rg1 53. Rc5+ Kf6 54. Kf2 {[#]} (54. Rh5 $19 Rxf1 55. Rxh3) 54... Rxf1+ $1 {[%mdl 576] Remove Defender} 55. Kxf1 h2 {Accuracy: White = 37%, Black = 52%.} 0-1

[Event "10th LCC FIDE Open 2018"]
[Site "London"]
[Date "2018.12.13"]
[Round "5"]
[White "Barrish, Daniel"]
[Black "Nettleton, Charlie B"]
[Result "1-0"]
[WhiteElo "2252"]
[BlackElo "2059"]
[Annotator "TA"]
[PlyCount "73"]
[EventDate "2018.12.09"]
[EventType "swiss"]
[EventCountry "ENG"]
[SourceTitle "playchess.com"]
[Source "ChessBase"]
[SourceQuality "1"]

{[%evp 13,73,33,37,31,31,35,59,29,23,-37,-36,-87,127,120,154,125,113,104,181,167,179,156,175,170,173,167,164,163,191,179,223,216,270,275,634,631,581,540,1212,1202,1029,205,201,37,39,39,45,50,60,55,593,387,379,362,29986,29987,29987,29988,29988,29989,29989,29990]} 1. d4 d6 2. e4 Nf6 3. f3 a6 4. c4 g6 5. Be3 Bg7 6. Ne2 Nc6 7. Nbc3 Rb8 {LiveBook: 81 Games} 8. b3 {E80: King's Indian: Sämisch: Lines without early ...0-0} O-O 9. Qd2 (9. Rc1 Bd7 10. Qd2 e6 11. Ng3 h5 12. Bd3 Nh7 13. Nge2 e5 14. d5 Nd4 15. O-O f5 16. exf5 Nxf5 17. c5 Nxe3 18. Qxe3 {½-½ (69) Aczel,G (2573)-Manolache,M (2492) Alba Iulia 2017}) 9... b5 10. cxb5 {White is slightly better.} axb5 11. d5 (11. h4 $11) 11... Ne5 $15 12. Nd4 (12. a3 $15) 12... Bd7 $146 (12... b4 $17 {and life is bright.} 13. Nce2 e6 14. dxe6 fxe6) ({Predecessor:} 12... b4 13. Nd1 Bd7 14. Rc1 e6 15. Nc2 exd5 16. exd5 Re8 {0-1 (48) Zwielich,F (2019)-Jungbluth,M (2020) Herne 2006}) 13. Bxb5 $16 e6 14. Bxd7 Qxd7 15. O-O exd5 (15... c6 $16 {was necessary.}) 16. exd5 $18 Rfe8 17. h3 c5 18. dxc6 $1 Nxc6 19. Nxc6 Qxc6 20. Rac1 Qa6 21. Bd4 Nh5 22. Bxg7 Nxg7 23. Nd5 {[#] Nf6+ is the strong threat.} Re2 $2 (23... Qe2 24. Rf2 Qxd2 25. Rxd2 Kf8) 24. Nf6+ Kf8 25. Nxh7+ Kg8 26. Nf6+ Kf8 27. Qf4 $2 (27. Qh6) 27... Nf5 28. Ra1 $2 ({Better is} 28. g4 $18 Qa7+ 29. Kh1) 28... Rc8 $14 29. Rfc1 Qa7+ 30. Kh2 Rxc1 31. Rxc1 {[#] Strongly threatening Rc8+.} Qf2 $2 {[%mdl 8192]} (31... Qe3 $1 $14 32. Rc8+ Kg7 33. Ne8+ {[%mdl 64] Double Attack} Kh7 34. Qxe3 Nxe3) 32. Qg5 {White wants to mate with Rc8+.} Rc2 33. Ne4 Qxf3 $2 (33... Qe2 $18 34. Qd8+ Kg7 35. Qf6+ Kg8 36. Rxc2 Qxc2 37. Qd8+ Kg7 38. Nxd6 Nxd6) 34. Qd8+ {White mates.} Kg7 35. Qf6+ Kf8 36. Rxc2 {[%cal Rc2c8]} Qf4+ 37. g3 {Accuracy: White = 53%, Black = 32%.} 1-0